000 00515nam a2200133Ia 4500
008 220217s9999 xx 000 0 und d
245 0 _aMethods of tests for styrene- butadiene rubbers (SBR). Part I. Determination of volatile matter, total ash, organic acid, soap, aantioxidants, bound styrene and mooney viscosity
260 _aNew Delhi
260 _c1967
_bISI
490 _aRubber Sectional Committee, CDC 42
500 _aStandard number: IS 4518 (Part I)
650 _aStyrene butadiene rubber
942 _cST
999 _c73797
_d73797